| 000 | 00696nam a2200121Ia 4500 | ||
|---|---|---|---|
| 008 | 220615s9999||||xx |||||||||||||| ||und|| | ||
| 100 | _aSchweingruber, Fritz H.||Börner, Annett | ||
| 245 | 4 | _aThe Plant Stem: A Microscopic Aspect | |
| 546 | _aEnglish[eng] | ||
| 650 | _aPlant stem construction||Plant cell contents||Plant cell walls||Plant meristems||Anatomy of pteridophyta||Stem evolution||Plant ecology||Wood degradation||Fossilization||Plant morphology | ||
| 856 | _uhttps://library.oapen.org/bitstream/20.500.12657/27837/1/1002168.pdf||https://library.oapen.org/bitstream/20.500.12657/27837/1/1002168.pdf||https://library.oapen.org/bitstream/20.500.12657/27837/1/1002168.pdf | ||
| 942 | _cEB | ||
| 999 |
_c11675 _d11675 |
||